|
|
|
|
| LEADER |
00873nab a2200229 i 4500 |
| 001 |
acta84559 |
| 005 |
20240314135735.0 |
| 008 |
240314s2023 hu o 0|| hun d |
| 022 |
|
|
|a 0237-7934
|
| 024 |
7 |
|
|a 10.14232/aetas.2023.2.149-161
|2 doi
|
| 040 |
|
|
|a SZTE Egyetemi Kiadványok Repozitórium
|b hun
|
| 041 |
|
|
|a hun
|
| 100 |
1 |
|
|a Kövér György
|
| 245 |
1 |
0 |
|a Egy elveszettnek hitt könyv nyomában - Erdei Ferenc
|h [elektronikus dokumentum] :
|b A magyar társadalom története a két világháború között /
|c Kövér György
|
| 260 |
|
|
|c 2023
|
| 300 |
|
|
|a 149-161
|
| 490 |
0 |
|
|a Aetas
|v 38 No. 2
|
| 650 |
|
4 |
|a Bölcsészettudományok
|
| 650 |
|
4 |
|a Történettudomány és régészet
|
| 695 |
|
|
|a Társadalomtörténet - Magyarország - 1920-as évek
|
| 700 |
0 |
1 |
|a Erdei Ferenc
|
| 856 |
4 |
0 |
|u http://acta.bibl.u-szeged.hu/84559/1/aetas_2023_002_149-161.pdf
|z Dokumentum-elérés
|